पद्मजा (Record no. 41094)

MARC details
000 -LEADER
fixed length control field 00488nam a2200181Ia 4500
008 - FIXED-LENGTH DATA ELEMENTS--GENERAL INFORMATION
fixed length control field 090123s9999 xx 000 0 und d
082 ## - DEWEY DECIMAL CLASSIFICATION NUMBER
Item number 3014
Classification number 891.463/कदम
100 ## - MAIN ENTRY--PERSONAL NAME
Personal name कदम बाबा
245 ## - TITLE STATEMENT
Title पद्मजा
250 ## - EDITION STATEMENT
Edition statement 1
260 ## - PUBLICATION, DISTRIBUTION, ETC. (IMPRINT)
Name of publisher, distributor, etc "रंजना,कनकेश्वर"
300 ## - PHYSICAL DESCRIPTION
Extent 186
600 ## - SUBJECT ADDED ENTRY--PERSONAL NAME
Personal name कदम बाबा
630 ## - SUBJECT ADDED ENTRY--UNIFORM TITLE
Uniform title पद्मजा
700 ## - ADDED ENTRY--PERSONAL NAME
Personal name कदम बाबा
730 ## - ADDED ENTRY--UNIFORM TITLE
Uniform title पद्मजा
942 ## - ADDED ENTRY ELEMENTS (KOHA)
Koha item type Book
Holdings
Withdrawn status Lost status Damaged status Not for loan Home library Current library Date acquired Cost, normal purchase price Total Checkouts Full call number Barcode Date last seen Cost, replacement price Price effective from Koha item type
      Added to bundle Jawahar Wachalanalaya, Kalwa Jawahar Wachalanalaya, Kalwa 03/31/2003 8.00   3014 KLW-3014 01/23/2009 8.00 01/23/2009 Book